И не сказал ни единого слова

Bibliografiske detaljer
Hovedforfatter: Белль Г. Генрих
Summary:Текст на немецком языке
Sprog:tysk
Udgivet: Москва, Айрис-Пресс, 2002
Serier:Читаем в оригинале
Deutsch
Fag:
Format: MixedMaterials Bog
KOHA link:https://koha.lib.tpu.ru/cgi-bin/koha/opac-detail.pl?biblionumber=57223

MARC

LEADER 00000nam0a2200000 4500
001 57223
005 20231031054127.0
010 |a 5811200846 
035 |a (RuTPU)RU\TPU\book\60358 
090 |a 57223 
100 |a 20031024d2002 m y0rusy50 ba 
101 0 |a ger 
102 |a RU 
105 |a y z 001ay 
200 1 |a И не сказал ни единого слова  |d Und sagte kein einziges Wort  |f Г. Белль 
210 |a Москва  |c Айрис-Пресс  |d 2002 
215 |a 320 с. 
225 1 |a Читаем в оригинале 
225 1 |a Deutsch 
300 |a Текст на немецком языке 
320 |a Wörterbuch: с. 270-315 
510 1 |a Und sagte kein einziges Wort  |z ger 
610 1 |a немецкий язык 
610 1 |a книги для чтения 
610 1 |a романы 
686 |a Ш143.24-923.8  |v LBC/SL-A  |2 rubbk 
700 1 |a Белль  |b Г.  |g Генрих 
801 1 |a RU  |b 63413507  |c 20031024  |g PSBO 
801 2 |a RU  |b 63413507  |c 20110208  |g PSBO 
942 |c BK